ការគ្រប់គ្រងអាសូតសម្រាប់ដំណាំស្រូវពូជខា ១៤ ក្នុងលក្ខខណ្ឌដីល្បាយខ្សាច់ nitrogen Management on car 14 rice varieties under sandy loam condiion (Record no. 19214)

000 -LEADER
fixed length control field 00675nam a22001577a 4500
003 - CONTROL NUMBER IDENTIFIER
control field LRUA
005 - DATE AND TIME OF LATEST TRANSACTION
control field 20200515135953.0
008 - FIXED-LENGTH DATA ELEMENTS--GENERAL INFORMATION
fixed length control field 200515b xxu||||| |||| 00| 0 eng d
040 ## - CATALOGING SOURCE
Transcribing agency RUA
082 ## - DEWEY DECIMAL CLASSIFICATION NUMBER
Classification number AGR KHE 2018 B663 Or.1
100 ## - MAIN ENTRY--PERSONAL NAME
9 (RLIN) 14252
Personal name KHEAN CHANCHAV ឃាន ចាន់ចាវ
245 ## - TITLE STATEMENT
Title ការគ្រប់គ្រងអាសូតសម្រាប់ដំណាំស្រូវពូជខា ១៤ ក្នុងលក្ខខណ្ឌដីល្បាយខ្សាច់ nitrogen Management on car 14 rice varieties under sandy loam condiion
260 ## - PUBLICATION, DISTRIBUTION, ETC. (IMPRINT)
Place of publication, distribution, etc. RUA
Name of publisher, distributor, etc. Phnom penh
Date of publication, distribution, etc. 2018
300 ## - PHYSICAL DESCRIPTION
Extent ix;28p
Other physical details ill;
Dimensions 29cm
942 ## - ADDED ENTRY ELEMENTS (KOHA)
Source of classification or shelving scheme
Koha item type AGR
Holdings
Price effective from Date last seen Permanent Location Not for loan Date acquired Source of classification or shelving scheme Koha item type Barcode Lost status Damaged status Shelving location Withdrawn status Current Location Full call number
2020-05-152020-05-15Library Block B 2020-05-15 AGRA43183  B663 Library Block BAGR KHE 2018 B663 Or.1
2020-05-152020-05-15Library Block B 2020-05-15 AGRA43043  B663 Library Block BAGR KHE 2018 B663 Or.2
2020-05-152020-05-15Library Block B 2020-05-15 AGRA43028  B663 Library Block BAGR KHE 2018 B663 Or.3
2020-05-152020-05-15Library Block B 2020-05-15 AGRA43013  B663 Library Block BAGR KHE 2018 B663 Or.4
2020-05-152020-05-15Library Block B 2020-05-15 AGRA43208  B663 Library Block BAGR KHE 2018 B663 Or.5
2020-05-152020-05-15Library Block B 2020-05-15 AGRA43193  B663 Library Block BAGR KHE 2018 B663 Or.6
មជ្ឈមណ្ឌលឯការនៃសាកលវិទ្យាល័យភូមិន្ទកសិកម្មចំការដូង

Powered by Koha